[Event "196th open MGU"]
[Site "Sofia"]
[Date "2017.11.11"]
[Round "1.1"]
[White "Ivanov, Daniel"]
[Black "Gelemerov, Yane"]
[Result "0-1"]
[WhiteElo "1758"]
[BlackElo "1918"]
[PlyCount "76"]
[EventDate "2017.11.11"]
[EventType "tourn"]
[EventRounds "6"]
[EventCountry "BUL"]

1. e4 e5 2. Nf3 Nc6 3. Nc3 Bc5 4. Bb5 Nf6 5. h3 O-O 6. O-O d6 7. d3 Ne7 8. Na4
Bb6 9. Nxb6 axb6 10. Bc4 Ng6 11. Be3 Qe7 12. c3 Kh8 13. Bb3 Nh5 14. Kh2 Nhf4
15. Ng1 f5 16. Bc2 fxe4 17. dxe4 Bd7 18. g3 Ne6 19. Qh5 Bb5 20. Rfe1 Be8 21.
Qg4 Bd7 22. Qh5 Rf7 23. Bd3 Raf8 24. Rf1 b5 25. b4 b6 26. Kg2 Qe8 27. Qe2 Bc6
28. Kh2 Qa8 29. Qc2 Rf6 30. a4 bxa4 31. b5 Bd7 32. Rxa4 Qe8 33. Rb4 Ne7 34. Rb2
h6 35. h4 g5 36. Qe2 gxh4 37. gxh4 Nf4 38. f3 Nxe2 0-1

[Event "196th open MGU"]
[Site "Sofia"]
[Date "2017.11.11"]
[Round "1.2"]
[White "Metev, Martin"]
[Black "Kostov, Nikolay"]
[Result "1-0"]
[WhiteElo "1892"]
[BlackElo "1631"]
[PlyCount "115"]
[EventDate "2017.11.11"]
[EventType "tourn"]
[EventRounds "6"]
[EventCountry "BUL"]

1. e4 e5 2. Nf3 Nc6 3. Nc3 Nf6 4. d4 exd4 5. Nxd4 Bc5 6. Nxc6 bxc6 7. Bd3 d6 8.
O-O h6 9. Na4 Bb6 10. Nxb6 axb6 11. Re1 O-O 12. b3 Ng4 13. h3 Ne5 14. Bf1 Qf6
15. Be3 Qg6 16. f4 Nd7 17. Bd3 Nc5 18. Bxc5 dxc5 19. Qf3 f5 20. e5 b5 21. a4 c4
22. Bf1 cxb3 23. cxb3 Bd7 24. axb5 Rxa1 25. Rxa1 cxb5 26. Qd5+ Be6 27. Qxb5 Qg3
28. Bc4 Qe3+ 29. Kh1 Bxc4 30. Qxc4+ Kh7 31. Rf1 c5 32. Kh2 h5 33. Rf3 Qe1 34.
Qxc5 Rd8 35. Qe3 Qb1 36. Kg3 Rd1 37. e6 Re1 38. Qd3 Qxd3 39. Rxd3 Rxe6 40. b4
Rb6 41. Rb3 Rb5 42. Kf3 h4 43. Ke3 g5 44. fxg5 Kg6 45. Kf4 Kh5 46. Rb2 Kg6 47.
Ke3 Kxg5 48. Kd4 Kf4 49. Kc4 Rb8 50. Rf2+ Ke4 51. b5 Rc8+ 52. Kb4 f4 53. b6 Rg8
54. Kb5 Ke3 55. Rc2 Rg5+ 56. Kb4 Rg6 57. Ka5 Rg5+ 58. Ka6 1-0

[Event "196th open MGU"]
[Site "Sofia"]
[Date "2017.11.11"]
[Round "1.3"]
[White "Georgiev, Nikolay Zh"]
[Black "Andreev, Dobrotich"]
[Result "0-1"]
[WhiteElo "1588"]
[BlackElo "1829"]
[PlyCount "80"]
[EventDate "2017.11.11"]
[EventType "tourn"]
[EventRounds "6"]
[EventCountry "BUL"]

1. e4 c6 2. Nc3 d5 3. Qf3 Nf6 4. e5 d4 5. exf6 dxc3 6. Qxc3 gxf6 7. d4 Bf5 8.
Bd3 Bg6 9. f4 e6 10. Ne2 Bxd3 11. Qxd3 f5 12. Bd2 Nd7 13. O-O-O Qc7 14. g4 fxg4
15. f5 O-O-O 16. fxe6 fxe6 17. Qe4 h5 18. Qxe6 Bd6 19. Ng3 Rde8 20. Qf5 Ref8
21. Qe6 Bxg3 22. hxg3 Qxg3 23. d5 Qe5 24. Bc3 Qf4+ 25. Kb1 Rh6 26. Bd2 Rxe6 27.
Bxf4 Re2 28. dxc6 bxc6 29. Bd6 Rf5 30. Rdf1 Rxf1+ 31. Rxf1 Nf6 32. b3 Ne4 33.
Rf8+ Kd7 34. Bb4 g3 35. Rf7+ Ke6 36. Rxa7 g2 37. Rg7 Nd2+ 38. Bxd2 Rxd2 39. a4
h4 40. a5 h3 0-1

[Event "196th open MGU"]
[Site "Sofia"]
[Date "2017.11.11"]
[Round "1.4"]
[White "Ignatov, Bojidar"]
[Black "Simeonov, Daniel"]
[Result "1-0"]
[WhiteElo "1788"]
[BlackElo "1576"]
[PlyCount "89"]
[EventDate "2017.11.11"]
[EventType "tourn"]
[EventRounds "6"]
[EventCountry "BUL"]

1. d4 e6 2. e4 c5 3. Nf3 cxd4 4. Nxd4 b6 5. Nc3 Bc5 6. Be3 Nc6 7. Nxc6 dxc6 8.
Qxd8+ Kxd8 9. Bxc5 bxc5 10. Na4 Nf6 11. Nxc5 Ke7 12. O-O-O Rb8 13. f3 h5 14.
Be2 Nd7 15. Nxd7 Bxd7 16. Rd3 c5 17. Rc3 Rhc8 18. Rd1 Rb6 19. g3 a5 20. e5 a4
21. f4 g6 22. Bc4 Rcb8 23. b3 a3 24. Rcd3 Be8 25. Rd6 R8b7 26. Rd8 Bb5 27. Bxb5
Rxb5 28. Ra8 c4 29. Rxa3 f6 30. exf6+ Kxf6 31. Ra4 cxb3 32. axb3 R7b6 33. Kb2
Rc5 34. c4 e5 35. Kc3 exf4 36. gxf4 Rf5 37. Rd4 h4 38. b4 Re6 39. b5 g5 40.
fxg5+ Kxg5 41. Ra8 Rf3+ 42. Kb4 Rg6 43. c5 Rf2 44. c6 Rc2 45. Rc4 1-0

[Event "196th open MGU"]
[Site "Sofia"]
[Date "2017.11.11"]
[Round "2.1"]
[White "Gelemerov, Yane"]
[Black "Ignatov, Bojidar"]
[Result "1-0"]
[WhiteElo "1918"]
[BlackElo "1788"]
[PlyCount "43"]
[EventDate "2017.11.11"]
[EventType "tourn"]
[EventRounds "6"]
[EventCountry "BUL"]

1. e4 e6 2. d4 d5 3. Nc3 Bb4 4. Bd3 dxe4 5. Bxe4 Nf6 6. Bd3 c5 7. a3 Ba5 8.
dxc5 Bxc3+ 9. bxc3 Qa5 10. Ne2 Qxc5 11. a4 Qc7 12. Ba3 Nbd7 13. Qd2 b6 14. Qg5
Bb7 15. O-O Qe5 16. Qh4 Nc5 17. Bb5+ Ke7 18. Nd4 Rac8 19. Rfe1 Qh5 20. Qf4 Qg4
21. Nf5+ Kf8 22. Qd6+ 1-0

[Event "196th open MGU"]
[Site "Sofia"]
[Date "2017.11.11"]
[Round "2.2"]
[White "Andreev, Dobrotich"]
[Black "Metev, Martin"]
[Result "1-0"]
[WhiteElo "1829"]
[BlackElo "1892"]
[PlyCount "73"]
[EventDate "2017.11.11"]
[EventType "tourn"]
[EventRounds "6"]
[EventCountry "BUL"]

1. e4 e6 2. d4 d5 3. Nd2 dxe4 4. Nxe4 Nd7 5. Bd3 Ngf6 6. Qe2 Be7 7. Nf3 O-O 8.
Bg5 h6 9. h4 hxg5 10. hxg5 Nd5 11. Ne5 Bxg5 12. Nxg5 Qxg5 13. Bh7+ Kh8 14. Bg6+
Kg8 15. Bxf7+ Rxf7 16. Rh8+ Kxh8 17. Nxf7+ Kg8 18. Nxg5 N7f6 19. O-O-O Bd7 20.
Rh1 Re8 21. Nf3 b6 22. Ne5 Bc8 23. g4 g5 24. f3 Re7 25. Rh6 Nh7 26. Qh2 Ndf6
27. f4 Rg7 28. fxg5 Rxg5 29. Rg6+ Rxg6 30. Nxg6 Kg7 31. Ne7 Bd7 32. Qxc7 Nf8
33. g5 Ne8 34. Qe5+ Kf7 35. g6+ Kxe7 36. g7 Nxg7 37. Qxg7+ 1-0

[Event "196th open MGU"]
[Site "Sofia"]
[Date "2017.11.11"]
[Round "2.3"]
[White "Simeonov, Daniel"]
[Black "Ivanov, Daniel"]
[Result "0-1"]
[WhiteElo "1576"]
[BlackElo "1758"]
[PlyCount "76"]
[EventDate "2017.11.11"]
[EventType "tourn"]
[EventRounds "6"]
[EventCountry "BUL"]

1. d4 d5 2. e3 e6 3. c4 Nf6 4. a3 Be7 5. Nc3 a6 6. c5 O-O 7. Nf3 Nbd7 8. Bd3 c6
9. Qc2 Qc7 10. b4 e5 11. dxe5 Nxe5 12. Nxe5 Qxe5 13. Bb2 Qc7 14. f3 Re8 15. Ne2
Bd7 16. g4 h6 17. h4 Bf8 18. Bd4 Be6 19. g5 Nh5 20. gxh6 f5 21. Bxf5 Bxf5 22.
Qxf5 Ng3 23. Nxg3 Qxg3+ 24. Kd2 Qf2+ 25. Kd3 Re7 26. Rag1 Rae8 27. e4 Qa2 28.
e5 Qxa3+ 29. Bc3 Rxe5 30. h7+ Kh8 31. Qf4 Re3+ 32. Qxe3 Rxe3+ 33. Kxe3 Qxc3+
34. Ke2 Qxb4 35. Rb1 Qc4+ 36. Kd2 Bxc5 37. Rxb7 Bd4 38. Rc1 Be3+ 0-1

[Event "196th open MGU"]
[Site "Sofia"]
[Date "2017.11.11"]
[Round "2.4"]
[White "Kostov, Nikolay"]
[Black "Georgiev, Nikolay Zh"]
[Result "1-0"]
[WhiteElo "1631"]
[BlackElo "1588"]
[PlyCount "63"]
[EventDate "2017.11.11"]
[EventType "tourn"]
[EventRounds "6"]
[EventCountry "BUL"]

1. d4 d5 2. e3 Nf6 3. Bd3 Bg4 4. f3 Bh5 5. Ne2 Nbd7 6. Nf4 Bg6 7. Nxg6 hxg6 8.
c4 e5 9. c5 c6 10. Nc3 Nh5 11. Kd2 exd4 12. exd4 Qg5+ 13. Kc2 Qxg2+ 14. Qe2+
Qxe2+ 15. Nxe2 Be7 16. b4 a6 17. a4 Nhf6 18. Bd2 Nf8 19. b5 N6d7 20. bxc6 bxc6
21. Bf4 Ne6 22. Bg3 Bh4 23. Bd6 Be7 24. Bg3 Bf6 25. Rhe1 O-O 26. Bf2 Rfb8 27.
Rab1 a5 28. Red1 Rxb1 29. Rxb1 Rb8 30. Rxb8+ Nxb8 31. f4 Na6 32. Bxa6 1-0

[Event "196th open MGU"]
[Site "Sofia"]
[Date "2017.11.11"]
[Round "3.1"]
[White "Andreev, Dobrotich"]
[Black "Gelemerov, Yane"]
[Result "1/2-1/2"]
[WhiteElo "1829"]
[BlackElo "1918"]
[PlyCount "108"]
[EventDate "2017.11.11"]
[EventType "tourn"]
[EventRounds "6"]
[EventCountry "BUL"]

1. e4 e5 2. Nf3 Nc6 3. Bb5 Bc5 4. Bxc6 dxc6 5. d3 Qe7 6. Qe2 Nf6 7. Nc3 Bd7 8.
Be3 Bb4 9. Bd2 O-O-O 10. a3 Bd6 11. O-O-O Rhe8 12. Kb1 h6 13. Rhe1 g5 14. d4
exd4 15. Nxd4 Be5 16. Be3 c5 17. Ndb5 a6 18. Nxc7 Kxc7 19. Nd5+ Nxd5 20. Rxd5
Bd6 21. e5 Bxe5 22. Bxc5 Qf6 23. Rxe5 Rxe5 24. Qxe5+ Qxe5 25. Rxe5 Be6 26. Kc1
Rd5 27. Rxd5 Bxd5 28. f3 h5 29. Kd2 g4 30. Ke3 gxf3 31. gxf3 Kd7 32. Kf4 Ke6
33. Bb6 Kf6 34. b3 Ke6 35. c4 Bc6 36. b4 f6 37. Kg3 Kf5 38. Bc7 Ba4 39. Kh4 Kg6
40. f4 f5 41. Kg3 Bb3 42. c5 Ba4 43. Kf2 Kf7 44. Ke3 Ke6 45. Kd4 Bb5 46. Be5
Bc6 47. h4 Bb5 48. Bc7 Bc6 49. Bd8 Bb5 50. Kc3 Kd5 51. Kb3 Bc4+ 52. Kc3 Bb5 53.
Bf6 a5 54. Bd8 a4 1/2-1/2

[Event "196th open MGU"]
[Site "Sofia"]
[Date "2017.11.11"]
[Round "3.2"]
[White "Metev, Martin"]
[Black "Ivanov, Daniel"]
[Result "1-0"]
[WhiteElo "1892"]
[BlackElo "1758"]
[PlyCount "89"]
[EventDate "2017.11.11"]
[EventType "tourn"]
[EventRounds "6"]
[EventCountry "BUL"]

1. e4 e6 2. d4 b6 3. c4 c5 4. d5 exd5 5. cxd5 d6 6. Nc3 Be7 7. Nf3 a6 8. g3 Bg4
9. h3 Bxf3 10. Qxf3 Nd7 11. Bg2 Ngf6 12. O-O Ne5 13. Qe2 O-O 14. f4 Ng6 15. e5
Ne8 16. h4 Ra7 17. h5 Nh8 18. g4 Nc7 19. a4 Qa8 20. f5 f6 21. h6 fxe5 22. hxg7
Kxg7 23. g5 Kg8 24. f6 Bd8 25. Qh5 Ne8 26. Bh3 Ng6 27. f7+ Raxf7 28. Be6 Ng7
29. Rxf7 Rxf7 30. Bxf7+ Kxf7 31. Qxh7 Qc8 32. Qh2 Qg4+ 33. Qg2 Qxg2+ 34. Kxg2
Nh4+ 35. Kf2 Kg6 36. Ne4 Ngf5 37. Bd2 Be7 38. b4 cxb4 39. Bxb4 a5 40. Ba3 Nd4
41. Bxd6 Bxd6 42. Nxd6 Nc2 43. Rd1 Kxg5 44. Nc4 Kf5 45. d6 1-0

[Event "196th open MGU"]
[Site "Sofia"]
[Date "2017.11.11"]
[Round "3.3"]
[White "Ignatov, Bojidar"]
[Black "Kostov, Nikolay"]
[Result "1-0"]
[WhiteElo "1788"]
[BlackElo "1631"]
[PlyCount "63"]
[EventDate "2017.11.11"]
[EventType "tourn"]
[EventRounds "6"]
[EventCountry "BUL"]

1. e4 e6 2. d4 d5 3. Nc3 Nf6 4. e5 Nfd7 5. f4 c5 6. Nf3 a6 7. Ne2 cxd4 8. Nexd4
Nc6 9. c3 Be7 10. Be3 O-O 11. Rc1 Nxd4 12. Bxd4 Nb8 13. Bd3 Nc6 14. h4 Nxd4 15.
Nxd4 Bxh4+ 16. Kf1 g6 17. Qg4 Be7 18. Qh3 h5 19. g4 Kg7 20. gxh5 Rh8 21. Qg4
Rh6 22. Ke2 Qe8 23. hxg6 f5 24. exf6+ Bxf6 25. Rxh6 Kxh6 26. Rh1+ Kg7 27. Rh7+
Kg8 28. Qg2 Bxd4 29. cxd4 e5 30. Qxd5+ Be6 31. Qxe5 Bxa2 32. Rh8# 1-0

[Event "196th open MGU"]
[Site "Sofia"]
[Date "2017.11.12"]
[Round "4.2"]
[White "Ignatov, Bojidar"]
[Black "Andreev, Dobrotich"]
[Result "0-1"]
[WhiteElo "1788"]
[BlackElo "1829"]
[PlyCount "92"]
[EventDate "2017.11.11"]
[EventType "tourn"]
[EventRounds "6"]
[EventCountry "BUL"]

1. e4 c6 2. d4 d5 3. e5 Bf5 4. h4 h5 5. Bd3 Bxd3 6. Qxd3 e6 7. Nc3 Ne7 8. Nce2
Qa5+ 9. c3 Qa6 10. Qc2 Nf5 11. Ng3 Nxg3 12. fxg3 c5 13. Ne2 Nc6 14. Be3 cxd4
15. cxd4 Nb4 16. Qb3 Qc4 17. Kf2 Qxb3 18. axb3 Be7 19. Nf4 g6 20. Ke2 O-O 21.
Rhc1 Nc6 22. Kd3 Rfc8 23. Bd2 a6 24. Ke3 Bd8 25. Bc3 Ne7 26. Ne2 Nf5+ 27. Kd3
Rc6 28. Bb4 Rac8 29. Rc3 f6 30. exf6 Bxf6 31. Rac1 e5 32. dxe5 Bxe5 33. Rxc6
Rxc6 34. Rxc6 bxc6 35. Bc3 Bd6 36. Nd4 Nxd4 37. Kxd4 Kf7 38. Be1 Ke6 39. b4
Be5+ 40. Kc5 Bxb2 41. Kxc6 d4 42. Kb6 Bc3 43. Bf2 d3 44. Be3 d2 45. Bxd2 Bxd2
46. Kxa6 Bxb4 0-1

[Event "196th open MGU"]
[Site "Sofia"]
[Date "2017.11.12"]
[Round "4.3"]
[White "Ivanov, Daniel"]
[Black "Georgiev, Nikolay Zh"]
[Result "1-0"]
[WhiteElo "1758"]
[BlackElo "1588"]
[PlyCount "77"]
[EventDate "2017.11.11"]
[EventType "tourn"]
[EventRounds "6"]
[EventCountry "BUL"]

1. e4 e5 2. Nf3 Nc6 3. Nc3 Nf6 4. Bb5 Bb4 5. d3 d6 6. h3 Bd7 7. O-O a6 8. Ba4
Ne7 9. Bxd7+ Qxd7 10. Be3 Ng6 11. a3 Bxc3 12. bxc3 O-O 13. Nh2 d5 14. f3 Nh5
15. Rf2 f5 16. exf5 Ngf4 17. d4 Qxf5 18. dxe5 Qxe5 19. Bd4 Qg5 20. Ng4 Ng3 21.
Be3 h5 22. Bxf4 Rxf4 23. Ne3 c6 24. Nf1 Re8 25. Qd2 Nxf1 26. Raxf1 Qg3 27. Re1
Rxe1+ 28. Qxe1 Rh4 29. Qe6+ Kh7 30. Re2 Rf4 31. Qe5 Qh4 32. g3 Qxg3+ 33. Rg2
Qxg2+ 34. Kxg2 Rc4 35. f4 Ra4 36. Qxh5+ Kg8 37. f5 Rxa3 38. Qg6 Ra2 39. f6 1-0

[Event "196th open MGU"]
[Site "Sofia"]
[Date "2017.11.12"]
[Round "4.4"]
[White "Kostov, Nikolay"]
[Black "Simeonov, Daniel"]
[Result "1-0"]
[WhiteElo "1631"]
[BlackElo "1576"]
[PlyCount "69"]
[EventDate "2017.11.11"]
[EventType "tourn"]
[EventRounds "6"]
[EventCountry "BUL"]

1. d4 d5 2. c4 c6 3. e3 Nf6 4. Nc3 b6 5. cxd5 cxd5 6. f4 Ba6 7. Bxa6 Nxa6 8.
Qa4+ Qd7 9. Qxa6 g6 10. Qb5 Bg7 11. Nf3 Qxb5 12. Nxb5 O-O 13. Nc3 Rfd8 14. Ne5
Ne8 15. O-O Rac8 16. Bd2 f6 17. Nd3 e6 18. a4 Nd6 19. b3 a6 20. Rac1 Rd7 21.
Nf2 Nb7 22. Na2 Rb8 23. Rc6 Nd8 24. Rc2 Bf8 25. Bb4 Bg7 26. Rfc1 Rbb7 27. Rc8
Kf7 28. e4 e5 29. fxe5 fxe5 30. exd5 exd4 31. Ne4 Be5 32. Rf1+ Kg7 33. Bf8+ Kg8
34. Bh6 Rxd5 35. Rf8# 1-0

[Event "196th open MGU"]
[Site "Sofia"]
[Date "2017.11.12"]
[Round "5.1"]
[White "Kostov, Nikolay"]
[Black "Gelemerov, Yane"]
[Result "1-0"]
[WhiteElo "1631"]
[BlackElo "1918"]
[PlyCount "75"]
[EventDate "2017.11.11"]
[EventType "tourn"]
[EventRounds "6"]
[EventCountry "BUL"]

1. d4 Nf6 2. c4 d6 3. Nf3 Nbd7 4. Nc3 e5 5. e4 Be7 6. h3 O-O 7. Be3 c6 8. Be2
Qc7 9. O-O Re8 10. Rc1 exd4 11. Nxd4 Bf8 12. Qc2 Nc5 13. Bf3 a5 14. Bf4 Ne6 15.
Nxe6 fxe6 16. c5 e5 17. cxd6 Bxd6 18. Bg3 Qe7 19. Na4 Be6 20. Nb6 Ra6 21. Nc4
Bf7 22. Nxd6 Qxd6 23. Rfd1 Qe6 24. Be2 b5 25. a4 Rb6 26. axb5 cxb5 27. f3 Nh5
28. Bf2 Rbb8 29. Qc6 Nf4 30. Bf1 a4 31. Rd6 Qb3 32. Ba7 Ra8 33. Bb6 b4 34. Rcd1
Qxb2 35. Qxa8 Rxa8 36. Rd8+ Rxd8 37. Rxd8+ Be8 38. Bc4+ 1-0

[Event "196th open MGU"]
[Site "Sofia"]
[Date "2017.11.12"]
[Round "5.2"]
[White "Andreev, Dobrotich"]
[Black "Ivanov, Daniel"]
[Result "1-0"]
[WhiteElo "1829"]
[BlackElo "1758"]
[PlyCount "47"]
[EventDate "2017.11.11"]
[EventType "tourn"]
[EventRounds "6"]
[EventCountry "BUL"]

1. e4 e6 2. d4 d5 3. Nd2 Nf6 4. Bd3 Be7 5. Qe2 a6 6. e5 Nfd7 7. Ngf3 c5 8. c3
Nc6 9. dxc5 Bxc5 10. Nb3 Be7 11. Nbd4 Nxd4 12. cxd4 O-O 13. h4 f6 14. Bxh7+
Kxh7 15. Ng5+ Kg8 16. Qh5 fxg5 17. hxg5 Bb4+ 18. Kd1 Qb6 19. Be3 Rf5 20. Qh8+
Kf7 21. g4 Rxg5 22. Rh3 Rg6 23. Rf3+ Ke7 24. Qg8 1-0

[Event "196th open MGU"]
[Site "Sofia"]
[Date "2017.11.12"]
[Round "5.3"]
[White "Georgiev, Nikolay Zh"]
[Black "Ignatov, Bojidar"]
[Result "1/2-1/2"]
[WhiteElo "1588"]
[BlackElo "1788"]
[PlyCount "144"]
[EventDate "2017.11.11"]
[EventType "tourn"]
[EventRounds "6"]
[EventCountry "BUL"]

1. e4 e6 2. Nc3 d5 3. Nf3 Nf6 4. e5 Nfd7 5. d4 c5 6. Be3 a6 7. Be2 Nc6 8. O-O
Qc7 9. Re1 Be7 10. Na4 cxd4 11. Bxd4 b5 12. Nc3 O-O 13. Rc1 Nb6 14. Nb1 Bd7 15.
b3 Rfc8 16. Bb2 Qd8 17. a3 Be8 18. Nbd2 Nd7 19. Nf1 Nf8 20. Qd2 Ng6 21. Bd3 Nh4
22. Qf4 Nxf3+ 23. Qxf3 Bf8 24. Qg4 Ne7 25. Re3 g6 26. Ng3 Bg7 27. Rce1 Rc6 28.
Qd1 Nf5 29. Bxf5 exf5 30. Qb1 Bd7 31. Rd3 Be6 32. Rc1 Qc7 33. f4 Rc8 34. Rd2
Bh6 35. Rf2 Qa7 36. Ne2 Bf8 37. Nd4 Bc5 38. Rd1 R6c7 39. Rdd2 Qb7 40. Qd1 Re7
41. g3 Rce8 42. Kg2 Rc7 43. Qf3 Qc8 44. Rfe2 Qd7 45. Kf1 Qe7 46. b4 Bb6 47. Nb3
Rec8 48. Bd4 Bxd4 49. Nxd4 Rc3 50. Re3 Rxe3 51. Qxe3 Rc4 52. Rd3 Qc7 53. Ke1
Qb6 54. Kd2 a5 55. c3 axb4 56. axb4 Rc8 57. Nxe6 Qxe3+ 58. Rxe3 fxe6 59. Re2
Ra8 60. Kd3 Ra1 61. Kd4 Rc1 62. Re3 h5 63. h4 Kf7 64. Rd3 Ke7 65. Kc5 Kd7 66.
Kxb5 Kc7 67. Ka4 Kb6 68. Kb3 Kb5 69. Rd2 Rg1 70. Rd3 Rb1+ 71. Kc2 Rg1 72. Kb3
Rb1+ 1/2-1/2

[Event "196th open MGU"]
[Site "Sofia"]
[Date "2017.11.12"]
[Round "6.1"]
[White "Andreev, Dobrotich"]
[Black "Kostov, Nikolay"]
[Result "1/2-1/2"]
[WhiteElo "1829"]
[BlackElo "1631"]
[PlyCount "43"]
[EventDate "2017.11.11"]
[EventType "tourn"]
[EventRounds "6"]
[EventCountry "BUL"]

1. e4 e5 2. Nf3 Nc6 3. Bb5 Nf6 4. O-O Nxe4 5. Re1 Nd6 6. Nxe5 Nxe5 7. Rxe5+ Be7
8. Bf1 O-O 9. d4 Bf6 10. Re1 Nf5 11. c3 d5 12. Bf4 Be6 13. Nd2 a5 14. Qc2 c5
15. Bd3 g6 16. dxc5 Rc8 17. Nf3 Rxc5 18. Qd2 h5 19. Bg5 d4 20. Bxf5 Rxf5 21.
Bxf6 Qxf6 22. Nxd4 1/2-1/2

[Event "196th open MGU"]
[Site "Sofia"]
[Date "2017.11.12"]
[Round "6.2"]
[White "Gelemerov, Yane"]
[Black "Georgiev, Nikolay Zh"]
[Result "0-1"]
[WhiteElo "1918"]
[BlackElo "1588"]
[PlyCount "72"]
[EventDate "2017.11.11"]
[EventType "tourn"]
[EventRounds "6"]
[EventCountry "BUL"]

1. e4 e5 2. Bc4 Nf6 3. Nc3 Nc6 4. d3 Bb4 5. Nf3 d5 6. exd5 Nxd5 7. O-O Nxc3 8.
bxc3 Bxc3 9. Ng5 f6 10. Nf7 Qe7 11. Nxh8 Bxa1 12. Bf7+ Kd8 13. Qh5 Be6 14. Bxe6
Qxe6 15. Qxh7 Kd7 16. Qxg7+ Qe7 17. Qg4+ Qe6 18. Qh5 Rg8 19. Ng6 Qxa2 20. c4
Kc8 21. Qf5+ Kb8 22. Be3 Bd4 23. h4 Bxe3 24. fxe3 Ne7 25. Qd7 Nxg6 26. Qf7 Ne7
27. Rf2 Qa3 28. Rxf6 a6 29. h5 Qc1+ 30. Kh2 Qxe3 31. Rf3 Qg5 32. g3 Rh8 33. Kg2
Qxh5 34. Qxe7 Qh1+ 35. Kf2 Rh2+ 36. Ke3 Qe1# 0-1

[Event "196th open MGU"]
[Site "Sofia"]
[Date "2017.11.12"]
[Round "6.3"]
[White "Metev, Martin"]
[Black "Ignatov, Bojidar"]
[Result "1/2-1/2"]
[WhiteElo "1892"]
[BlackElo "1788"]
[PlyCount "46"]
[EventDate "2017.11.11"]
[EventType "tourn"]
[EventRounds "6"]
[EventCountry "BUL"]

1. e4 e5 2. Nf3 Nc6 3. Bb5 a6 4. Ba4 Nf6 5. O-O Be7 6. Re1 b5 7. Bb3 d6 8. c3
O-O 9. h3 Na5 10. Bc2 c5 11. d4 Qc7 12. d5 c4 13. Nbd2 Bd7 14. Nf1 Rfc8 15. Ng3
g6 16. Bh6 Qd8 17. Qd2 Bf8 18. Nh2 Nb7 19. b4 Bxh6 20. Qxh6 Qf8 21. Qe3 Qd8 22.
Qh6 Qf8 23. Qe3 Qd8 1/2-1/2